000 07284cam a22014414i 4500
001 u49548
003 PE-LiUPU
005 20250813185604.0
008 150706s2008 pe a r 000 0 spa d
020 _a9786034011182
035 _a(Sirsi) i9786034011182
040 _aPE-LiUPU
_bspa
_cPE-LiUPU
_erda
049 _aPRUA
082 0 4 _a331.712
_bP62 T2 2008
082 0 4 _a376.5
_bP62
_221
100 1 _aPiscoya Hermoza, Luis,
_eautor.
245 1 0 _aFormación universitaria vs. mercado laboral /
_cLuis Piscoya Hermoza.
264 1 _aLima :
_bAsamblea Nacional de Rectores,
_c2008.
300 _a303 páginas :
_bilustraciones ;
_c27 centímetros
336 _atext
_2rdacontent
337 _aunmediated
_2rdamedia
338 _avolume
_2rdacarrier
505 0 _aFormación profesional vs. Producción del conocimiento -- Perfil factual de la universidad privada -- Antecedentes -- Formación universitaria vs. Mercado laboral (publicación 2006) -- Universidad de Lima, estudio 363, barómetro social -- Universidad de Lima, estudio 380, serie barómetro empresarial -- Universidad de Lima, estudio 399, serie Barómetro social -- Estudios sobre pequeña empresa y sobre el sistema económico -- Tesis de maestría -- Estimados del MTPE y de la SUNAT sobre micro y pequeñas empresas -- Conglomerados registrados por el MTPE -- Listado de las empresas remitido por la SUNAT -- Investigaciones previas de interés -- Problema de investigación -- Hipótesis de investigación -- Decisiones metodológicas -- Muestra -- Tipificación del estudio -- Instrumento del levantamiento de información -- Administración de las encuestas -- Confiabilidad -- de las fuentes iniciales de información -- Caracterización de las empresas encuestadas -- Escolarización superior de los trabajadores de las empresas encuestadas -- Grandes empleadores de trabajadores y de profesionales -- Profesionales vs. tamaño de las empresas y gobiernos locales -- Trabajadores sin educación superior vs. tamaño de las empresas y de los gobiernos locales -- Profesionales vs. sectores de la actividad económica -- Escolarización superior de los trabajadores según región -- Cifras relevantes sobre población universitaria -- Ranking general 2008 de demanda de carreras universitarias -- En busca de inicios de confiabilidad -- Una primera medición de la pertinencia -- Pertinencia vs. selectividad, matrícula y títulos por carreras -- Ranking general, matrícula y colegios profesionales -- Ramking general vs. Rankings regionales -- Rankings general vs. Rankings por actividades económicas -- Las carreras de futuro -- Ranking general de la demanda de carreras técnicas (no universitarias) por el mercado laboral.
526 _aP202
526 _aP201
526 _aP163
526 _aP162
526 _aP161
526 _aP160
526 _aP148
526 _aP147
526 _aP146
526 _aP145
526 _aP144
526 _aP143
526 _aP142
526 _aP141
526 _aP140
526 _aP139
526 _aP138
526 _aP137
526 _aP136
526 _aP135
526 _aP134
526 _aP133
526 _aP129
526 _aP128
526 _aP127
526 _aP120
526 _aP119
526 _aP118
526 _aP116
526 _aP115
526 _aP114
526 _aP110
526 _aP109
526 _aP108
526 _aP104
526 _aP103
526 _aP102
526 _aP99
526 _aP98
526 _aP97
526 _aP96
526 _aP95
526 _aP93
526 _aP90
526 _aP89
526 _aP88
526 _aP83
526 _aP82
526 _aP62
526 _aP59
526 _aP58
526 _aP57
526 _aP51
526 _aP49
526 _aP48
526 _aP47
526 _aP29
526 _aP24
526 _aP20
526 _aP19
526 _aP17
526 _aP15
526 _aP14
526 _aP12
526 _aP10
526 _aP09
526 _aP08
526 _aP07
526 _aP06
526 _aP05
526 _aP04
526 _aP01
596 _a1 2 3
650 0 4 _aAdministración de empresas
_xEstudio y enseñanza.
650 0 4 _aEducación superior y desarrollo económico.
650 0 4 _aEducación superior y empresas.
910 _bjv
_clch
_d20110524
910 _btqv
_cwelc
_d20161109
942 _2ddc
_cBOOK
994 _aC0
_bPEPRU
949 _a331.712 P62 T2 2008
_wDEWEY
_c1
_iFJ04007
_f2017-12-28
_g1
_lCCODEBUJ1
_mBUJ
_p18.00
_r0
_sY
_tBOOK
_u2016-11-9
_xFCE
_PP04
_0COMPRA
_o.STAFF. Colección General Juliaca
949 _a331.712 P62 T2 2008
_wDEWEY
_c2
_iFJ04008
_f2017-12-28
_g1
_lCCODEBUJ1
_mBUJ
_p18.00
_r0
_sY
_tBOOK
_u2016-11-9
_xFCE
_PP04
_0COMPRA
_o.STAFF. Colección General Juliaca
949 _a331.712 P62 T2 2008
_wDEWEY
_c3
_iFJ04009
_f2017-12-28
_g1
_lCCODEBUJ1
_mBUJ
_p18.00
_r0
_sY
_tBOOK
_u2016-11-9
_xFCE
_PP04
_0COMPRA
_o.STAFF. Colección General Juliaca
949 _a376 P62
_wDEWEY
_c1
_iFT00627
_lCCODEBUT1
_mBUT
_r0
_sY
_tBOOK
_u2016-2-2
_xBIBLIOTECA
_zUNKNOWN
_0DONACION
_o.STAFF. Colección General
949 _a376.5 P62 2
_wDEWEY
_c1
_i62878
_d2016-3-3
_e2016-3-3
_f2018-2-12
_g2
_lCCODEBUL1
_mBUL
_n1
_p18.00
_r0
_sY
_tBOOK
_u2015-7-6
_xEDUCACION
_zUNKNOWN
_0COMPRA
_o.STAFF. Colección General
949 _a376.5 P62 2
_wDEWEY
_c2
_i62877
_f2018-2-12
_g2
_lCCODEBUL1
_mBUL
_p18.00
_r0
_sY
_tBOOK
_u2015-7-6
_xEDUCACION
_zUNKNOWN
_0COMPRA
_o.STAFF. Colección General
949 _a376.5 P62 2008
_wDEWEY
_c1
_iFJ05462
_f2017-12-28
_g1
_lCCODEBUJ1
_mBUJ
_p25.00
_r0
_sY
_tBOOK
_u2017-1-17
_xBIBLIOTECA
_zUNKNOWN
_0COMPRA
_o.STAFF. Colección General Juliaca
999 _a376.5 P62 2
_wDEWEY
_c51906
_i62878
_d51906
_e2016-3-3
_f2021-11-8
_g5
_lCCODEBUL1
_mBUL
_n1
_p18.00
_r0
_sY
_tBOOK
_u2015-7-6
_xEDUCACION
_zUNKNOWN
_0COMPRA
_o.STAFF. Colección General
999 _a376.5 P62 2
_wDEWEY
_c2
_i62877
_f2021-11-8
_g5
_lCCODEBUL1
_mBUL
_p18.00
_r0
_sY
_tBOOK
_u2015-7-6
_xEDUCACION
_zUNKNOWN
_0COMPRA
_o.STAFF. Colección General
999 _a376 P62
_wDEWEY
_c1
_iFT00627
_f2019-2-20
_g1
_lCCODEBUT1
_mBUT
_r0
_sY
_tBOOK
_u2016-2-2
_xBIBLIOTECA
_zUNKNOWN
_0DONACION
_o.STAFF. Colección General
999 _a331.712 P62 T2 2008
_wDEWEY
_c1
_iFJ04007
_f2022-1-18
_g4
_lCCODEBUJ1
_mBUJ
_p18.00
_r0
_sY
_tBOOK
_u2016-11-9
_xFCE
_PP04
_0COMPRA
_o.STAFF. Colección General Juliaca
999 _a331.712 P62 T2 2008
_wDEWEY
_c2
_iFJ04008
_f2022-1-18
_g4
_lCCODEBUJ1
_mBUJ
_p18.00
_r0
_sY
_tBOOK
_u2016-11-9
_xFCE
_PP04
_0COMPRA
_o.STAFF. Colección General Juliaca
999 _a331.712 P62 T2 2008
_wDEWEY
_c3
_iFJ04009
_f2022-1-18
_g4
_lCCODEBUJ1
_mBUJ
_p18.00
_r0
_sY
_tBOOK
_u2016-11-9
_xFCE
_PP04
_0COMPRA
_o.STAFF. Colección General Juliaca
999 _a376.5 P62 2008
_wDEWEY
_c1
_iFJ05462
_f2022-1-18
_g3
_lCCODEBUJ1
_mBUJ
_p25.00
_r0
_sY
_tBOOK
_u2017-1-17
_xBIBLIOTECA
_zUNKNOWN
_0COMPRA
_o.STAFF. Colección General Juliaca
980 _81
_gALBERTO SANCHEZ Responsable de Automatización